000 00555 a2200181 4500
003 OSt
005 20230822123811.0
008 230822b |||||||| |||| 00| 0 eng d
020 _a9789390054015
040 _coclc
082 _a658.1599
_bVIS/F
100 _aViswan, V vivek
_99337
245 _aFOREIGN EXCHANGE MANAGEMENT AND INTERNATIONAL FINANCE /
_cVivek Viswan V and M M Sulphey
250 _a 2ED
260 _aNew Delhi:
_bViva Books.
_c2020.
300 _a289 p
942 _2ddc
_cBK
_h658.1599
_iVIS/F
_k658.1599
_mVIS/F
999 _c41947
_d41947